000 00317nam a2200133Ia 4500
008 150201s2008 xx 000 0 und d
082 _a610.6
_bH08B
100 _aBROWNE, THOMAS R
245 _aHAND BOOK OF EPILEPSY
250 _a4TH
260 _bWOLTERKULWER
_aDELHI
_c2008
650 _aDERMATOLOGY
942 _2ddc
_cBK
999 _c688
_d688